[Event "Colmenarejo Autumn op 29th"]
[Site "Colmenarejo"]
[Date "2019.09.29"]
[Round "3"]
[White "Minguez Greciano, Iluminada"]
[Black "Alvarez Alba, Diego"]
[Result "1-0"]
[WhiteElo "1782"]
[BlackElo "1526"]
[PlyCount "61"]
[EventDate "2019.09.15"]
[EventType "swiss"]
[EventRounds "7"]
[EventCountry "ESP"]
[SourceTitle "EXT 2021"]
[Source "ChessBase"]
[SourceDate "2020.10.23"]
[SourceVersion "1"]
[SourceVersionDate "2020.10.23"]
[SourceQuality "1"]

1. c4 g6 2. g3 Bg7 3. Bg2 f5 4. d3 Nf6 5. Nc3 c6 6. e4 fxe4 7. dxe4 d6 8. Nge2 Bg4 9. Be3 Nbd7 10. f3 Be6 11. b3 0-0 12. Rc1 Bf7 13. Qd2 Ne5 14. h3 Qa5 15. 0-0 Qd8 16. f4 Ned7 17. g4 Qc7 18. Ng3 Rad8 19. Nd1 Ra8 20. Nf2 Rad8 21. g5 Ne8 22. Ng4 e6 23. f5 exf5 24. exf5 Ne5 25. f6 Nxg4 26. fxg7 Nxe3 27. gxf8Q+ Kxf8 28. Qxe3 Kg8 29. Qf4 Ng7 30. Rce1 a6 31. Qf6 1-0

[Event "Colmenarejo Autumn op 29th"]
[Site "Colmenarejo"]
[Date "2019.09.15"]
[Round "1"]
[White "Minguez Greciano, Iluminada"]
[Black "Sala Pajares, Enrique"]
[Result "1/2-1/2"]
[WhiteElo "1782"]
[BlackElo "1436"]
[PlyCount "84"]
[EventDate "2019.09.15"]
[EventType "swiss"]
[EventRounds "7"]
[EventCountry "ESP"]
[SourceTitle "EXT 2021"]
[Source "ChessBase"]
[SourceDate "2020.10.23"]
[SourceVersion "1"]
[SourceVersionDate "2020.10.23"]
[SourceQuality "1"]

1. c4 e6 2. g3 Nf6 3. Bg2 d5 4. b3 Bc5 5. e3 Nc6 6. d4 Bb4+ 7. Bd2 Qe7 8. Ne2 0-0 9. 0-0 Rd8 10. a3 Bxd2 11. Nxd2 e5 12. cxd5 Nxd5 13. e4 Nf6 14. d5 Nd4 15. Nc4 c5 16. h3 b6 17. Re1 Ba6 18. Nc1 b5 19. Ne3 Rab8 20. Nd3 Bb7 21. b4 c4 22. Nc5 Nd7 23. Nxd7 Rxd7 24. Rb1 Rd6 25. Qd2 Bc8 26. Qd1 Bd7 27. Nc2 Nxc2 28. Qxc2 Rh6 29. h4 g5 30. Qd2 Rg6 31. h5 Rh6 32. Bf3 Qf6 33. Qd1 Qg7 34. Bg4 Bc8 35. Rc1 Qf8 36. Bxc8 Qxc8 37. g4 Ra6 38. Re3 Rb7 39. Kg2 Rc7 40. Rcc3 Rf6 41. Kg3 a5 42. Qb1 a4 1/2-1/2

[Event "Collado Villalba op-B 36th"]
[Site "Collado Villalba"]
[Date "2019.08.27"]
[Round "5"]
[White "Minguez Greciano, Iluminada"]
[Black "Cujba, Anca Claudia"]
[Result "1-0"]
[WhiteElo "1818"]
[BlackElo "1636"]
[PlyCount "118"]
[EventDate "2019.08.23"]
[EventType "swiss"]
[EventRounds "9"]
[EventCountry "ESP"]
[SourceTitle "CBM 192 Extra"]
[Source "Chessbase"]
[SourceDate "2019.11.06"]
[SourceVersion "1"]
[SourceVersionDate "2019.11.06"]
[SourceQuality "1"]

1. c4 e6 2. g3 d5 3. Bg2 Nf6 4. Nf3 Be7 5. b3 0-0 6. 0-0 c6 7. Bb2 Ne4 8. d3 Bf6 9. Qc2 Bxb2 10. Qxb2 Qf6 11. Qxf6 Nxf6 12. Nbd2 Nbd7 13. Rac1 Rd8 14. Ne1 d4 15. h3 Nh5 16. Kh2 e5 17. Nc2 Nc5 18. f4 exf4 19. gxf4 Ne6 20. f5 Nef4 21. Bf3 g6 22. Bxh5 Nxh5 23. fxg6 hxg6 24. Rf2 a5 25. Ne4 Kg7 26. Rg1 b6 27. Ne1 c5 28. Nf3 Ra7 29. Nfg5 f6 30. Nf3 Kh6 31. Nh4 g5 32. Nf5+ Bxf5 33. Rxf5 Kg6 34. Rgf1 Rf7 35. Nxg5 fxg5 36. Rxf7 Nf4 37. Re7 Rh8 38. Rf3 Rh7 39. Rxh7 Kxh7 40. Rf2 Kg6 41. Kg3 Ne6 42. Kg4 Ng7 43. Rf8 Ne6 44. Rb8 Nf4 45. Rxb6+ Kf7 46. Rb5 Nxe2 47. Rxc5 Nc1 48. Rxa5 Nxd3 49. Rd5 Nf2+ 50. Kxg5 d3 51. Kf5 Nxh3 52. Rxd3 Nf2 53. Rd5 Nh1 54. a4 Ng3+ 55. Ke5 Ne2 56. a5 Nc1 57. a6 Kf8 58. a7 Ke7 59. a8Q Nd3+ 1-0

[Event "Pontevedra op 7th"]
[Site "Pontevedra"]
[Date "2019.08.11"]
[Round "5"]
[White "Gonzalez Guedes, Iyan"]
[Black "Minguez Greciano, Iluminada"]
[Result "1-0"]
[WhiteElo "2115"]
[BlackElo "1818"]
[PlyCount "73"]
[EventDate "2019.08.08"]
[EventType "swiss"]
[EventRounds "9"]
[EventCountry "ESP"]
[SourceTitle "EXT 2020"]
[Source "ChessBase"]
[SourceDate "2019.10.17"]
[SourceVersion "1"]
[SourceVersionDate "2019.10.17"]
[SourceQuality "1"]

1. e4 c6 2. c4 d5 3. exd5 cxd5 4. cxd5 Nf6 5. Nc3 Nxd5 6. Nf3 Nc6 7. Bb5 Nb6 8. d4 e6 9. 0-0 Be7 10. Re1 0-0 11. a3 Bf6 12. Ne4 Be7 13. Be3 Bd7 14. Bd3 Nd5 15. Rc1 Nb8 16. Bd2 Bc6 17. Qc2 Nd7 18. b4 N5f6 19. Ne5 Bxe4 20. Bxe4 Nxe4 21. Nxd7 Qxd7 22. Qxe4 Bd6 23. Re3 f5 24. Qxe6+ Qxe6 25. Rxe6 Rfd8 26. g3 Rd7 27. Ree1 Kf7 28. Kg2 Re8 29. Rxe8 Kxe8 30. Kf3 Kf7 31. Be3 Ke6 32. d5+ Kxd5 33. Bxa7 Rc7 34. Rd1+ Ke6 35. Rxd6+ Kxd6 36. Bb8 Kd7 37. Bxc7 1-0

[Event "Colmenarejo Spring op"]
[Site "Colmenarejo"]
[Date "2019.06.16"]
[Round "6.5"]
[White "Minguez Greciano, Iluminada"]
[Black "Olmedo Alvarez, Marcos"]
[Result "1/2-1/2"]
[WhiteElo "1836"]
[BlackElo "1337"]
[PlyCount "54"]
[EventDate "2019.05.05"]
[EventType "swiss"]
[EventRounds "7"]
[EventCountry "ESP"]
[SourceTitle "EXT 2024"]
[Source "ChessBase"]
[SourceDate "2023.10.10"]
[SourceVersion "1"]
[SourceVersionDate "2023.10.10"]
[SourceQuality "1"]

1. c4 c5 2. g3 Nc6 3. Bg2 g6 4. Nc3 Bg7 5. e3 h5 6. Nf3 d6 7. h3 Nh6 8. a3 Ne5 9. d3 Nc6 10. Rb1 Nf5 11. Bd2 Ne5 12. Qc2 Nxf3+ 13. Bxf3 Rb8 14. b4 b6 15. Qa4+ Bd7 16. Qxa7 0-0 17. bxc5 dxc5 18. Ke2 e5 19. Na4 Bxa4 20. Qxa4 Re8 21. Rb3 Nd4+ 22. exd4 exd4+ 23. Kd1 Qf6 24. Qc6 Re6 25. Qd5 Re5 26. Qc6 Re6 27. Qd5 Re5 1/2-1/2

[Event "Colmenarejo Autumn op 25th"]
[Site "Colmenarejo"]
[Date "2018.10.28"]
[Round "7"]
[White "Fernandez Estremera, Fernando"]
[Black "Minguez Greciano, Iluminada"]
[Result "1-0"]
[WhiteElo "1830"]
[BlackElo "1854"]
[PlyCount "67"]
[EventDate "2018.09.16"]
[EventType "swiss"]
[EventRounds "7"]
[EventCountry "ESP"]
[SourceTitle "CBM 187 Extra"]
[Source "ChessBase"]
[SourceDate "2018.11.04"]
[SourceVersion "1"]
[SourceVersionDate "2018.11.04"]
[SourceQuality "1"]

1. d4 d5 2. Nc3 Bf5 3. f3 Nf6 4. Bg5 Nbd7 5. Nxd5 Nxd5 6. e4 h6 7. Bh4 Ne3 8. Qd3 Nxf1 9. exf5 Nxh2 10. Rxh2 Nb6 11. 0-0-0 Qd5 12. Kb1 0-0-0 13. Ne2 Rd6 14. Nc3 Qa5 15. g4 Nd5 16. Nxd5 Qxd5 17. Re2 e6 18. Re5 Qc6 19. fxe6 fxe6 20. Qg6 b6 21. Rde1 Qxf3 22. Rxe6 Rxd4 23. Re8+ Kb7 24. a3 Rxg4 25. Qe6 Rf4 26. Qc8+ Kc6 27. R8e6+ Kb5 28. R6e3 Qg4 29. Qb7 a5 30. Rb3+ Bb4 31. a4+ Kxa4 32. Qc6+ b5 33. Ra3+ Bxa3 34. b3+ 1-0

[Event "Colmenarejo Autumn op"]
[Site "Colmenarejo"]
[Date "2016.11.06"]
[Round "7"]
[White "Garcia Fernandez, Jose Luis"]
[Black "Minguez Greciano, Iluminada"]
[Result "1/2-1/2"]
[WhiteElo "1789"]
[BlackElo "1803"]
[PlyCount "130"]
[EventDate "2016.09.25"]
[EventType "swiss"]
[EventRounds "7"]
[EventCountry "ESP"]
[SourceTitle "EXT 2019"]
[Source "ChessBase"]
[SourceDate "2018.10.10"]
[SourceVersion "1"]
[SourceVersionDate "2018.10.10"]
[SourceQuality "1"]

1. b3 d5 2. Bb2 Bg4 3. h3 Bf5 4. g4 Bg6 5. Bg2 e6 6. d3 Nd7 7. Nf3 Ngf6 8. Nbd2 Bd6 9. g5 Nh5 10. e3 Qe7 11. Qe2 0-0-0 12. 0-0-0 f5 13. d4 e5 14. dxe5 Nxe5 15. Nxe5 Bxe5 16. Nf3 Bxb2+ 17. Kxb2 Nf4 18. Qf1 Nxg2 19. Qxg2 Bh5 20. Rd4 Rd6 21. Ra4 Kb8 22. h4 c5 23. Qg3 Bxf3 24. Qxf3 Qe5+ 25. Kb1 Rhd8 26. Qf4 Qe6 27. Rd1 Ka8 28. Qf3 g6 29. h5 Qe5 30. hxg6 hxg6 31. Rh4 a6 32. Rh7 R8d7 33. Rdh1 c4 34. Rh8+ Ka7 35. Rc8 cxb3 36. axb3 Rd8 37. Rxd8 Rxd8 38. Rd1 Rd6 39. Rd4 Kb6 40. Qd1 Kc7 41. Qd2 b6 42. Qd3 b5 43. Qc3+ Rc6 44. Qa5+ Rb6 45. Rh4 Qg7 46. Ka2 Kb7 47. Rd4 Qe5 48. Qd2 Rd6 49. c4 Kc6 50. Qa5 bxc4 51. Qxa6+ Kd7 52. Qb5+ Ke7 53. bxc4 Qe6 54. cxd5 Ra6+ 55. Kb3 Rb6 56. dxe6 Rxb5+ 57. Kc4 Re5 58. Rd7+ Kf8 59. Rd6 Ke7 60. Ra6 Rxe6 61. Rxe6+ Kxe6 62. Kd4 Kd6 63. e4 fxe4 64. Kxe4 Ke6 65. Kd4 Kf5 1/2-1/2

[Event "Colmenarejo Autumn op"]
[Site "Colmenarejo"]
[Date "2016.09.25"]
[Round "1"]
[White "Minguez Greciano, Iluminada"]
[Black "Alonso Saiz, Luis"]
[Result "1-0"]
[WhiteElo "1803"]
[BlackElo "1419"]
[PlyCount "69"]
[EventDate "2016.09.25"]
[EventType "swiss"]
[EventRounds "7"]
[EventCountry "ESP"]
[SourceTitle "EXT 2019"]
[Source "ChessBase"]
[SourceDate "2018.10.10"]
[SourceVersion "1"]
[SourceVersionDate "2018.10.10"]
[SourceQuality "1"]

1. c4 c5 2. g3 g6 3. Bg2 Bg7 4. Nc3 Nf6 5. Nf3 e6 6. 0-0 0-0 7. d4 d6 8. e4 Nc6 9. h3 a6 10. Be3 b6 11. e5 Ne8 12. exd6 cxd4 13. Nxd4 Bxd4 14. Bxc6 Rb8 15. Qxd4 Nxd6 16. Bf4 e5 17. Bxe5 Bxh3 18. Rfd1 Nf5 19. Qe4 Qg5 20. Bxb8 Rxb8 21. Qf4 Qxf4 22. gxf4 Rc8 23. Bd5 Bg4 24. f3 Bh5 25. Kf2 Kf8 26. Ne4 Kg7 27. Ng3 b5 28. Nxf5+ gxf5 29. b3 bxc4 30. Bxc4 a5 31. Rd5 a4 32. Rxf5 Bg6 33. Ra5 axb3 34. axb3 Rc7 35. f5 1-0

[Event "Hampstead op U2200 06"]
[Site "Hampstead"]
[Date "2013.06.29"]
[Round "3"]
[White "Minguez Greciano, Iluminada"]
[Black "Brozel, Sacha"]
[Result "0-1"]
[WhiteElo "1860"]
[BlackElo "1706"]
[PlyCount "94"]
[EventDate "2013.06.29"]
[EventType "swiss"]
[EventRounds "5"]
[EventCountry "ENG"]
[SourceTitle "EXT 2014"]
[Source "ChessBase"]
[SourceDate "2013.11.20"]
[SourceVersion "1"]
[SourceVersionDate "2013.11.20"]
[SourceQuality "1"]

1. c4 e5 2. g3 g6 3. Bg2 Bg7 4. Nc3 Nc6 5. d3 Nge7 6. Nf3 0-0 7. 0-0 d6 8. Re1 f5 9. Bg5 Be6 10. Nd5 Qd7 11. e4 f4 12. gxf4 exf4 13. Qd2 Bh3 14. Bxh3 Qxh3 15. Bxe7 Qxf3 16. Qe2 Nd4 17. Qxf3 Nxf3+ 18. Kf1 Nxe1 19. Bxf8 Nxd3 20. Bxg7 Kxg7 21. b3 c6 22. Nc3 Rd8 23. Rd1 Ne5 24. Ke2 Kf6 25. f3 b6 26. Rg1 Rg8 27. Nd1 g5 28. Nf2 h5 29. h3 Rd8 30. Rd1 Ke6 31. Rg1 Nf7 32. Nd3 d5 33. h4 dxe4 34. fxe4 Ne5 35. Nxe5 Kxe5 36. Rxg5+ Kxe4 37. Rg7 Re8 38. Rf7 Re5 39. Rf6 c5 40. Kf2 Rf5 41. Re6+ Kd4 42. Kf3 Kc3 43. Re4 Kb2 44. Rxf4 Rxf4+ 45. Kxf4 Kxa2 46. Kg5 Kxb3 47. Kxh5 a5 0-1

[Event "Hampstead op U2200 06"]
[Site "Hampstead"]
[Date "2013.06.29"]
[Round "1"]
[White "Minguez Greciano, Iluminada"]
[Black "Gergelova, Monika"]
[Result "1-0"]
[WhiteElo "1860"]
[BlackElo "1297"]
[PlyCount "72"]
[EventDate "2013.06.29"]
[EventType "swiss"]
[EventRounds "5"]
[EventCountry "ENG"]
[SourceTitle "EXT 2014"]
[Source "ChessBase"]
[SourceDate "2013.11.20"]
[SourceVersion "1"]
[SourceVersionDate "2013.11.20"]
[SourceQuality "1"]

1. c4 Nc6 2. g3 e5 3. Bg2 Nf6 4. Nc3 Bc5 5. e3 d6 6. Nge2 Be6 7. b3 d5 8. cxd5 Nxd5 9. a3 a5 10. 0-0 0-0 11. Qc2 Qd7 12. Nxd5 Bxd5 13. Qxc5 Bxg2 14. Kxg2 Qd3 15. Qc4 Qd7 16. Rd1 Rfe8 17. Bb2 Re6 18. d4 Rh6 19. h4 e4 20. Rh1 Qg4 21. Ng1 Re8 22. Qe2 Qe6 23. Qd1 Qd5 24. Rc1 b6 25. Qc2 Ree6 26. Qc4 Rd6 27. Qxd5 Rxd5 28. Ne2 f5 29. Nf4 Rb5 30. Rc3 Rf6 31. a4 Rb4 32. Ba3 Rf7 33. Rxc6 Rxb3 34. Ra1 b5 35. axb5 Rxb5 36. Ne6 Rb7 1-0

[Event "Collado Villalba op 24th"]
[Site "Collado Villalba"]
[Date "2007.08.27"]
[Round "5"]
[White "Marcos Herrero, Francisco"]
[Black "Minguez Greciano, Iluminada"]
[Result "0-1"]
[WhiteElo "1940"]
[BlackElo "1861"]
[PlyCount "58"]
[EventDate "2007.08.23"]
[EventType "swiss"]
[EventRounds "9"]
[EventCountry "ESP"]
[SourceTitle "EXT 2008"]
[Source "ChessBase"]
[SourceDate "2007.11.25"]
[SourceVersion "1"]
[SourceVersionDate "2007.11.25"]
[SourceQuality "1"]

1. e4 c6 2. c4 e6 3. d4 d5 4. Nc3 Bb4 5. cxd5 exd5 6. exd5 Qxd5 7. Nf3 Nf6 8. Be2 0-0 9. 0-0 Qd6 10. Bg5 Re8 11. Ne5 Bxc3 12. bxc3 Ne4 13. Nc4 Qe6 14. Be3 Nxc3 15. Qc2 Nxe2+ 16. Qxe2 b6 17. Qc2 Qd5 18. Ne5 Bb7 19. Qb3 c5 20. Qxd5 Bxd5 21. Rfd1 c4 22. h3 f6 23. Ng4 Nc6 24. Bf4 Re4 25. Be3 Rd8 26. a4 f5 27. Bg5 Rd7 28. Ne3 f4 29. Nc2 h6 0-1

[Event "Collado Villalba op 24th"]
[Site "Collado Villalba"]
[Date "2007.08.25"]
[Round "3"]
[White "Esquivias Gomez, Francisco Javier"]
[Black "Minguez Greciano, Iluminada"]
[Result "1-0"]
[WhiteElo "2060"]
[BlackElo "1861"]
[PlyCount "47"]
[EventDate "2007.08.23"]
[EventType "swiss"]
[EventRounds "9"]
[EventCountry "ESP"]
[SourceTitle "EXT 2008"]
[Source "ChessBase"]
[SourceDate "2007.11.25"]
[SourceVersion "1"]
[SourceVersionDate "2007.11.25"]
[SourceQuality "1"]

1. e4 c6 2. d4 d5 3. exd5 cxd5 4. Bd3 Nc6 5. c3 Nf6 6. Bf4 e6 7. Nf3 Bd6 8. Bxd6 Qxd6 9. 0-0 Nd7 10. Re1 0-0 11. Nbd2 e5 12. dxe5 Ndxe5 13. Nxe5 Nxe5 14. Bxh7+ Kxh7 15. Qh5+ Kg8 16. Rxe5 Rd8 17. Rae1 Be6 18. Nf3 g6 19. Qh4 Kg7 20. Ng5 Rh8 21. Qd4 Kg8 22. Nxe6 fxe6 23. g3 Rh6 24. Rxe6 1-0

[Event "Politiken Cup 29th"]
[Site "Copenhagen"]
[Date "2007.07.29"]
[Round "10"]
[White "Skovgaard, Tom"]
[Black "Minguez Greciano, Iluminada"]
[Result "0-1"]
[WhiteElo "2000"]
[BlackElo "1861"]
[PlyCount "68"]
[EventDate "2007.07.21"]
[EventType "swiss"]
[EventRounds "10"]
[EventCountry "DEN"]
[SourceTitle "CBM 119 Extra"]
[Source "ChessBase"]
[SourceDate "2007.09.04"]
[SourceVersion "1"]
[SourceVersionDate "2007.09.04"]
[SourceQuality "1"]

1. e4 c6 2. d4 d5 3. Nc3 dxe4 4. Nxe4 Bf5 5. Ng3 Bg6 6. h4 h6 7. Nf3 Nd7 8. h5 Bh7 9. Bd3 Bxd3 10. Qxd3 e6 11. Bd2 Ngf6 12. 0-0-0 Be7 13. Ne4 0-0 14. Nxf6+ Nxf6 15. Ne5 c5 16. dxc5 Qc7 17. f4 Qxc5 18. Kb1 Rfd8 19. Qe2 Rac8 20. Be3 Rxd1+ 21. Rxd1 Qb4 22. Rd4 Qa5 23. g4 Nd5 24. Bd2 Qb6 25. Rc4 Qg1+ 26. Bc1 Rd8 27. Nd3 b5 28. Rc6 Bd6 29. f5 exf5 30. Rxd6 Rxd6 31. Qe8+ Kh7 32. Ne5 Qe1 33. gxf5 Nf6 34. Qxb5 Rd5 0-1

[Event "Politiken Cup 29th"]
[Site "Copenhagen"]
[Date "2007.07.25"]
[Round "6"]
[White "Gade, Jens"]
[Black "Minguez Greciano, Iluminada"]
[Result "0-1"]
[WhiteElo "1462"]
[BlackElo "1861"]
[PlyCount "84"]
[EventDate "2007.07.21"]
[EventType "swiss"]
[EventRounds "10"]
[EventCountry "DEN"]
[SourceTitle "CBM 119 Extra"]
[Source "ChessBase"]
[SourceDate "2007.09.04"]
[SourceVersion "1"]
[SourceVersionDate "2007.09.04"]
[SourceQuality "1"]

1. f4 d5 2. Nf3 Nf6 3. e3 Bg4 4. Be2 Nbd7 5. 0-0 c6 6. h3 Bxf3 7. Bxf3 e5 8. fxe5 Nxe5 9. b3 Qc7 10. Bb2 Bd6 11. d3 0-0-0 12. Nd2 h5 13. Qe2 Rde8 14. d4 Nxf3+ 15. Qxf3 Re7 16. c4 Qd7 17. cxd5 cxd5 18. a4 Rhe8 19. Rfe1 Kb8 20. Ba3 Bxa3 21. Rxa3 Qd6 22. Raa1 g5 23. Nf1 g4 24. hxg4 hxg4 25. Qf5 g3 26. Rac1 Ne4 27. Rc2 Rh8 28. Rec1 Ree8 29. Qxf7 Ref8 30. Qc7+ Qxc7 31. Rxc7 Rh5 32. Rg7 Rfh8 33. Nxg3 Nxg3 34. Kf2 Ne4+ 35. Ke2 Rc8 36. Rxc8+ Kxc8 37. a5 a6 38. b4 Rg5 39. Rxg5 Nxg5 40. Kd2 Kd7 41. Kc3 Kc6 42. g3 Ne4+ 0-1